[Event "2a. Categoria 2005"]
[Site "?"]
[Date "2005.??.??"]
[Round "?"]
[White "Guerra M., Simon"]
[Black "Velasco B., Carlos"]
[Result "1/2-1/2"]
[WhiteElo "1639"]
[BlackElo "1695"]
[PlyCount "49"]

1. e4 e6 2. d4 c6 3. Nf3 Ne7 4. Be3 Ng6 5. Bd3 f6 6. O-O Be7 7. c4 O-O 8. Nc3
Na6 9. a3 Nc7 10. Qc2 a6 11. Ne2 d6 12. Rad1 Qe8 13. Nf4 Nxf4 14. Bxf4 e5 15.
Bg3 Ne6 16. d5 Nd8 17. b4 Bg4 18. Be2 Rc8 19. h3 Bh5 20. Nh4 Bg6 21. Nf5 c5 22.
Bh2 Rc7 23. f4 Bxf5 24. exf5 Nf7 25. fxe5 1/2-1/2

[Event "2a. Categoria 2005"]
[Site "?"]
[Date "2005.??.??"]
[Round "?"]
[White "Zerega R., Manuel"]
[Black "Arevalo S., Felipe"]
[Result "0-1"]
[WhiteElo "1757"]
[BlackElo "1578"]
[PlyCount "84"]

1. e4 c5 2. Bc4 Nc6 3. Nf3 d6 4. h3 Nf6 5. Nc3 a6 6. a3 e6 7. d3 b5 8. Ba2 Qc7
9. Bg5 Be7 10. Qd2 Bb7 11. Ne2 h6 12. Bh4 d5 13. e5 Nxe5 14. c3 Nxf3+ 15. gxf3
Qc6 16. d4 Qc7 17. f4 $2 17... Ne4 18. Qe3 Bxh4 19. Ng3 cxd4 20. cxd4 Qd6 21.
Rc1 b4 22. a4 Bc6 23. Bb1 Bxg3 24. fxg3 Bxa4 25. Bxe4 dxe4 26. b3 $2 26... Bc6
27. O-O O-O 28. Rc5 Bd5 29. f5 Rab8 30. f6 Rbc8 31. g4 $2 31... g5 32. h4 Kh7
33. hxg5 hxg5 34. Qh3+ $6 34... Kg8 35. Qh6 $4 35... Qg3+ 36. Kh1 Qh4+ 37. Qxh4
gxh4 38. Kh2 Rxc5 39. dxc5 Rc8 40. Kh3 Rxc5 41. Kxh4 Kh7 42. Kh5 $2 42... Bc4+
0-1

[Event "2a. Categoria 2005"]
[Site "?"]
[Date "2005.??.??"]
[Round "?"]
[White "Munoz C., Pedro"]
[Black "Rosales V., Claudio"]
[Result "1-0"]
[WhiteElo "1778"]
[BlackElo "1739"]
[PlyCount "49"]

1. e4 e5 2. Nf3 d6 3. Bc4 c5 4. c3 Nc6 5. a3 Be6 6. Bxe6 fxe6 7. Qb3 Qd7 8. O-O
Nf6 9. d3 h6 10. h3 g5 11. Nh2 Rg8 12. Qd1 h5 13. g4 hxg4 14. Nxg4 Nxg4 15.
Qxg4 O-O-O 16. b4 16... cxb4 $2 17. axb4 a6 18. Be3 Be7 19. Nd2 19... Rh8 $2
20. Nc4 Kb8 21. Nb6 Qe8 22. b5 $1 22... axb5 23. Qxe6 23... Qh5 $2 24. Ra8+ Kc7
25. Nd5# 1-0

[Event "2a. Categoria 2005"]
[Site "?"]
[Date "2005.??.??"]
[Round "?"]
[White "Arevalo S., Felipe"]
[Black "Velasco B., Carlos"]
[Result "1-0"]
[WhiteElo "1578"]
[BlackElo "1695"]
[PlyCount "57"]

1. e4 e6 2. d4 c6 3. f4 Ne7 4. Nf3 g6 5. g3 Bg7 6. Bg2 d6 7. Nc3 Nd7 8. Be3 Rb8
9. O-O O-O 10. Qe1 Qc7 11. e5 d5 12. g4 Kh8 13. g5 Rg8 14. h4 Bf8 15. Bd2 Kg7
16. Ne2 Rh8 17. h5 gxh5 18. Qh4 Ng6 19. Qxh5 Kg8 20. Ng3 c5 21. c3 Qb6 22. b3
Bg7 23. f5 exf5 24. Nxf5 Ndf8 25. N3h4 Be6 26. Bh3 Re8 27. Nxg7 Kxg7 28. Bxe6
28... Qxe6 $2 29. Nf5+ 1-0

[Event "2a. Categoria 2005"]
[Site "?"]
[Date "2005.??.??"]
[Round "?"]
[White "Arevalo S., Felipe"]
[Black "Iocco B., Pablo"]
[Result "1/2-1/2"]
[WhiteElo "1578"]
[BlackElo "1762"]
[PlyCount "112"]

1. e4 c6 2. d4 d5 3. Nd2 dxe4 4. Nxe4 Nd7 5. Qe2 Ndf6 6. Nf3 Nxe4 7. Qxe4 Nf6
8. Qd3 e6 9. Bg5 h6 10. Bh4 Qa5+ 11. c3 Nd5 12. Bg3 Be7 13. a3 Qb6 14. b4 a5
15. c4 Nf6 16. c5 Qd8 17. b5 cxb5 18. Qxb5+ Qd7 19. Qxd7+ Bxd7 20. Bd3 Bc6 21.
O-O Ne4 22. Rfe1 Nxg3 23. fxg3 Bf6 24. Ne5 Rd8 25. Rab1 Bxe5 26. Rxe5 Rxd4 27.
Bb5 Kd7 28. Bxc6+ Kxc6 29. Rb6+ Kc7 30. Rb5 Ra4 31. c6 bxc6 32. Rxa5 32... Ra8
$1 33. Rxa8 Rxa8 34. Re3 c5 35. Kf2 Kc6 36. Ke2 Ra4 37. Kd2 Kb5 38. Rb3+ Kc6
39. Kc2 c4 40. Rc3 Kc5 41. Re3 Ra7 42. h3 Rd7 43. Kc3 43... Rd3+ $2 44. Rxd3
cxd3 45. Kxd3 Kb5 46. Kc3 Ka4 47. Kb2 h5 48. g4 48... hxg4 $2 49. hxg4 g5 50.
g3 f6 51. Ka2 Kb5 52. Kb3 Kc5 53. Kc3 Kb5 54. Kb3 Ka5 55. Kb2 Ka4 56. Ka2 e5
1/2-1/2